书目信息 |
| 题名: |
老照片
|
|
| 作者: | 冯克力 主编 | |
| 分册: | 第一○五辑 | |
| 出版信息: | 济南 山东画报出版社 2016.02 |
|
| 页数: | 189页 | |
| 开本: | 21cm | |
| 丛书名: | ||
| 单 册: | ||
| 中图分类: | K106 , K260.6 , K10 | |
| 科图分类: | ||
| 主题词: | 世界史--shi jie shi--史料 , 中国历史--zhong guo li shi--现代史--史料 | |
| 电子资源: | ||
| ISBN: | 978-7-5474-1749-2 | |
| 000 | 01004nam0 2200289 450 | |
| 001 | 2231795540 | |
| 005 | 20220918182535.79 | |
| 010 | @a978-7-5474-1749-2@dCNY20.00 | |
| 100 | @a20160314d2016 em y0chiy50 ea | |
| 101 | 0 | @achi |
| 102 | @aCN@b370000 | |
| 105 | @aac z 000yy | |
| 200 | 1 | @a老照片@Alao zhao pian@h第一○五辑@f主编冯克力 |
| 210 | @a济南@c山东画报出版社@d2016.02 | |
| 215 | @a189页@c图, 肖像@d21cm | |
| 304 | @a题名、责任者取自书内 | |
| 312 | @a英文题名取自书内 | |
| 330 | @a《老照片》丛书1996年出版, 每两个月推出一辑, 本册为第一○五辑, 主要内容包括: 冬冬 父亲李俊民的“文革”劫难、曾毅 街拍女王薇薇安·迈尔、王秋杭 1989年: 大西北采风记 (下) 、马庆芳 家族里的空军抗日烈士等。 | |
| 510 | 1 | @aOld photos@zeng |
| 606 | 0 | @a世界史@Ashi jie shi@x史料 |
| 606 | 0 | @a中国历史@Azhong guo li shi@x现代史@x史料 |
| 690 | @aK106@v5 | |
| 690 | @aK260.6@v5 | |
| 690 | @aK10@v4 | |
| 701 | 0 | @a冯克力@Afeng ke li@4主编 |
| 801 | 0 | @aCN@b人天书店@c20160314 |
| 905 | @aZUCC@dK10@e23:105 | |
| 老照片.第一○五辑/主编冯克力.-济南:山东画报出版社,2016.02 |
| 189页:图, 肖像;21cm |
| ISBN 978-7-5474-1749-2:CNY20.00 |
| 《老照片》丛书1996年出版, 每两个月推出一辑, 本册为第一○五辑, 主要内容包括: 冬冬 父亲李俊民的“文革”劫难、曾毅 街拍女王薇薇安·迈尔、王秋杭 1989年: 大西北采风记 (下) 、马庆芳 家族里的空军抗日烈士等。 |
| ● |
| 相关链接 |
|
|
|
正题名:老照片
索取号:K10/23:105
 
预约/预借
| 序号 | 登录号 | 条形码 | 馆藏地/架位号 | 状态 | 备注 |
| 1 | 2000895450 | 2000895450 | 第三书库/ [索取号:K10/23:105] | 在馆 | |
| 2 | 2000895451 | 2000895451 | 第三书库/ [索取号:K10/23:105] | 在馆 | |
| 3 | 2000895452 | 2000895452 | 第三书库/ [索取号:K10/23:105] | 在馆 |